Client leadership in construction (Record no. 70481)
[ view plain ]
| 000 -LEADER | |
|---|---|
| fixed length control field | 01005cam a2200205 4500 |
| 001 - CONTROL NUMBER | |
| control field | WB3821-07 |
| 008 - FIXED-LENGTH DATA ELEMENTS--GENERAL INFORMATION | |
| fixed length control field | 020613n2002 000 0 eng u |
| 035 ## - SYSTEM CONTROL NUMBER | |
| System control number | (Sirsi) u118404 |
| 245 ## - TITLE STATEMENT | |
| Title | Client leadership in construction |
| 260 ## - PUBLICATION, DISTRIBUTION, ETC. | |
| Date of publication, distribution, etc. | 2002 |
| 490 ## - SERIES STATEMENT | |
| Series statement | RICS News Service |
| Volume/sequential designation | 11 June 2002, (1) |
| 520 ## - SUMMARY, ETC. | |
| Summary, etc. | RICS has supported the concept of client leadership in the construction process and welcomed proposals which help clients to establish their brief, maximize value and deliver continuous improvement. Comments form part of RICS response to the Strategic Forum's report "Accelerating Change". RICS response in full at http://www.rics.org/ricscms/bin/show?class=Policy&template=/includes/showpolicy.html&id=684 http://www.rics.org/ricscms/bin/show?class=News&template=/includes/shownews.html&id=2751 |
| 590 ## - LOCAL NOTE (RLIN) | |
| Local note | WB |
| 650 ## - SUBJECT ADDED ENTRY--TOPICAL TERM | |
| Topical term or geographic name entry element | CLIENT LEADERSHIP |
| 650 ## - SUBJECT ADDED ENTRY--TOPICAL TERM | |
| Topical term or geographic name entry element | STRATEGIC FORUM |
| 650 ## - SUBJECT ADDED ENTRY--TOPICAL TERM | |
| Topical term or geographic name entry element | EGAN REFORMS |
| 650 ## - SUBJECT ADDED ENTRY--TOPICAL TERM | |
| Topical term or geographic name entry element | RICS |
| 690 ## - LOCAL SUBJECT ADDED ENTRY--TOPICAL TERM (OCLC, RLIN) | |
| Topical term or geographic name as entry element | BUILDING AND CONSTRUCTION-MANAGEMENT |
| 942 ## - ADDED ENTRY ELEMENTS (KOHA) | |
| Suppress in OPAC | 0 |
| Withdrawn status | Lost status | Source of classification or shelving scheme | Damaged status | Not for loan | Home library | Current library | Shelving location | Date acquired | Total Checkouts | Full call number | Barcode | Date last seen | Copy number | Price effective from | Koha item type |
|---|---|---|---|---|---|---|---|---|---|---|---|---|---|---|---|
| Dewey Decimal Classification | London | London | News article | 13/06/2002 | WB3821-07 | 118404-1001 | 06/08/2019 | 1 | 06/08/2019 | News article |